[Event "27th CRO-chT 1A-Men 2018"]
[Site "Biograd"]
[Date "2018.09.15"]
[Round "8.17"]
[White "Jovanic, Ognjen"]
[Black "Medak, Bojan"]
[Result "1-0"]
[WhiteElo "2512"]
[BlackElo "2367"]
[Annotator "TA"]
[PlyCount "79"]
[EventDate "2018.09.08"]
[EventType "team-tourn"]
[EventCountry "CRO"]
[SourceTitle "playchess.com"]
[Source "ChessBase"]
[SourceQuality "1"]

{[%evp 18,79,68,54,72,77,93,64,69,56,62,64,68,39,60,62,56,24,27,7,12,0,0,0,7,0,0,0,0,0,14,7,19,19,32,0,13,15,75,0,0,0,53,42,54,57,45,0,0,0,19,14,14,18,77,29,29,15,15,15,22,0,0,0]} 1. d4 d6 2. Nf3 g6 3. c4 Bg7 4. Nc3 Nc6 5. d5 Ne5 6. Nxe5 Bxe5 7. e4 Bg7 8. Be2 {A41: 1 d4 d6: Tartakower System and Modern Defence} e5 (8... e6 9. h4 h6 10. Be3 Ne7 11. Qd2 exd5 12. cxd5 f5 13. O-O-O a6 14. Bd3 fxe4 15. Bxe4 Bf5 {½-½ (45) Sokolov,I (2673)-Cicak,S (2569) Heraklio 2007}) 9. O-O Nf6 10. Be3 {LiveBook: 3 Games. White is slightly better.} Qe7 $146 ({Predecessor:} 10... O-O 11. h3 Ne8 12. Qd2 f5 13. exf5 gxf5 14. f4 e4 15. Rae1 Qf6 16. Rd1 Qg6 17. Bd4 Rf7 18. Rf2 h5 {0-1 (41) Garcia Vicente,N (2181)-Bernabeu Lopez,C (2360) Linares 2018}) 11. b4 h5 12. Bg5 (12. c5 {seems wilder.} O-O 13. Rc1 Bd7 14. h3 a6 15. Bd3) 12... Bh6 13. Bxh6 Rxh6 14. Qd2 Rh8 15. Rac1 Kf8 16. c5 Kg7 17. Rc2 Bd7 18. cxd6 cxd6 19. Rfc1 Rhc8 20. f3 Qd8 21. Qe3 Qb6 22. Qxb6 axb6 23. Kf2 Kf8 24. Nb1 Rxc2 25. Rxc2 h4 26. Nd2 Ke7 27. Nc4 Ra6 (27... Rc8 $11 {remains equal.}) 28. Ne3 ({Better is} 28. Nxe5 $1 $16 dxe5 29. Bxa6 bxa6 30. Rc7) 28... Ra4 $11 29. Rb2 Nh5 (29... b5 $11) 30. Nc4 $14 b5 31. Nb6 Ra3 32. Nxd7 (32. Rc2 $5 {[%cal Rc2c7]} Kd8 33. Nxd7 Kxd7 34. Bxb5+ Kd8 35. Bc4 $16) 32... Kxd7 33. Bxb5+ {[%mdl 4096] Endgame KRB-KRN} Kc7 34. g3 {Black should prevent Be8.} hxg3+ 35. hxg3 {Black must now prevent Be8.} g5 (35... f5 $1 $11) 36. Bc4 Rc3 $1 {[%cal Rc3c4]} 37. Bb3 {And now Rc2 would win.} Kb6 $1 {The position is equal.} 38. Bd1 g4 39. a4 Nf6 40. Rb3 {[%mdl 32768] Precision: White = 58%, Black = 54%. . Loss on Time!?} 1-0

[Event "27th CRO-chT 1A-Men 2018"]
[Site "Biograd"]
[Date "2018.09.15"]
[Round "8.18"]
[White "Filipovic, Marko"]
[Black "Kovacevic, Blazimir"]
[Result "1/2-1/2"]
[WhiteElo "2321"]
[BlackElo "2494"]
[Annotator "TA"]
[PlyCount "112"]
[EventDate "2018.09.08"]
[EventType "team-tourn"]
[EventCountry "CRO"]
[SourceTitle "playchess.com"]
[Source "ChessBase"]
[SourceQuality "1"]

{[%evp 14,112,25,-20,26,-12,-11,-8,31,36,51,29,38,31,30,-32,-37,-27,-14,-30,-18,0,-8,-13,-12,-15,-14,-27,-29,-35,-27,-49,-44,-55,-62,-55,-46,-55,-35,-87,-81,-108,-121,-113,-112,-112,-104,-148,-143,-170,-77,-70,-70,-102,-74,-71,-83,-75,-62,-66,-47,-63,-10,-18,-18,-18,0,0,0,0,0,0,0,0,0,0,0,0,0,0,0,0,0,-18,-18,-18,-18,-18,0,0,0,-18,-18,-18,0,0,0,0,0,0,0]} 1. d4 e6 2. c4 b6 3. Nc3 Bb7 4. Nf3 Nf6 5. e3 {[%cal Be2e3,Be3e4][%mdl 32]} d5 6. Bd3 Bd6 7. O-O Nbd7 8. Qc2 {LiveBook: 4 Games. E14: Queen's Indian: Classical Variation (4 e3)} (8. cxd5 exd5 9. Qc2 O-O 10. b3 a6 11. Bb2 Re8 12. Rac1 Qe7 13. Ne2 Rac8 14. Ng3 g6 15. Qe2 b5 {1-0 (103) Demidov,M (2523)-Meskovs,N (2546) chess.com INT 2018}) 8... a6 9. e4 {e5 is the strong threat.} dxc4 $146 ({Predecessor:} 9... dxe4 10. Nxe4 Nxe4 11. Bxe4 Bxe4 12. Qxe4 O-O 13. Bg5 Be7 14. Bf4 Bd6 15. Bg5 Be7 16. Bf4 Bd6 17. Bg5 {½-½ (17) Diekers,M (2180)-Rohrmueller,U (2233) Bayern 2014}) 10. Bxc4 {[#] Black must now prevent e5.} b5 11. Bd3 e5 12. a4 b4 13. Ne2 O-O 14. Ng3 (14. Re1 $11) 14... exd4 $15 15. Nf5 b3 16. Qe2 (16. Qxb3 {keeps more tension.} Nc5 17. Qa3 Nxd3 18. Nxd6 Qxd6 19. Qxd3 Bxe4 20. Qxd4 Qxd4 21. Nxd4 Rab8 22. f3) 16... Nc5 (16... Re8 {feels hotter.} 17. Nxd6 cxd6 18. Nxd4 Bxe4 19. Be3 Nc5) 17. Nxd6 cxd6 ({Much weaker is} 17... Qxd6 $6 18. e5 $16) 18. Nxd4 Bxe4 19. Bxe4 Nfxe4 20. f3 Ng5 21. Qe3 Nge6 22. Nxb3 Rb8 23. Nxc5 dxc5 24. Qe2 Qb6 25. Be3 Rfe8 26. Qf2 (26. Bf2 $15) 26... Qxb2 $17 27. Bxc5 Nxc5 28. Qxc5 Re2 29. Qg5 h6 30. Qg4 Rb6 31. Rae1 {[#]} Rxe1 (31... Rc2 $1 $19 {Hoping for ...Rg6.} 32. Qh3 (32. Re8+ Kh7 $17) 32... Qd4+ 33. Kh1 Qxa4) 32. Rxe1 $19 {[%mdl 4096] Endgame KQR-KQR} Rg6 33. Qc8+ Kh7 {[%csl Gg6][%cal Rb2g2]} 34. g3 Qd4+ 35. Kf1 Qd3+ 36. Kf2 Rb6 37. Re2 $1 Rb3 ({Better is} 37... Rb4 $15) 38. Qc2 {The position is equal.} Qxc2 39. Rxc2 $11 {KR-KR} Ra3 40. Rc4 Ra2+ 41. Ke3 Rxh2 42. Rc6 Ra2 {Strongly threatening ...Ra3+.} 43. Rxa6 h5 44. Ra7 Kg6 45. a5 Kf6 46. a6 g5 47. Ra8 Kg7 48. Ke4 h4 49. gxh4 gxh4 {And now ...h3 would win.} 50. Kf4 Ra4+ 51. Ke3 Ra2 52. Kf4 h3 {( -> ...h2)} 53. Rd8 h2 54. Rd1 Rxa6 {White should prevent ...Rg6.} 55. Kg3 Ra2 56. Rh1 Kf6 {Precision: White = 46%, Black = 51%.} 1/2-1/2

[Event "27th CRO-chT 1A-Men 2018"]
[Site "Biograd"]
[Date "2018.09.15"]
[Round "8.19"]
[White "Braun, Arik"]
[Black "Malakhov, Vladimir"]
[Result "1/2-1/2"]
[WhiteElo "2581"]
[BlackElo "2666"]
[Annotator "TA"]
[PlyCount "34"]
[EventDate "2018.09.08"]
[EventType "team-tourn"]
[EventCountry "CRO"]
[SourceTitle "playchess.com"]
[Source "ChessBase"]
[SourceQuality "1"]

{[%evp 20,21,19,18]} 1. d4 d5 2. c4 c6 3. cxd5 cxd5 4. Bf4 Nc6 5. e3 Nf6 6. Nc3 a6 7. Bd3 Bg4 8. Nge2 e6 9. O-O Bd6 10. f3 {D10: Slav Defence: 3 cxd5 (without early Nf3) and 3 Nc3} Bh5 11. Rc1 {LiveBook: 109 Games} {Predecessor:} Bg6 $146 12. Na4 O-O 13. Nc5 Bxc5 14. Rxc5 Nd7 15. Rc3 Qe7 16. Bxg6 hxg6 17. Qb3 Na5 {1-0 (63) Lenderman,A (2615)-Li,R (2583) Philadelphia 2018} 1/2-1/2

[Event "27th CRO-chT 1A-Men 2018"]
[Site "Biograd"]
[Date "2018.09.15"]
[Round "8.20"]
[White "Korobov, Anton"]
[Black "Georgiev, Kiril"]
[Result "1-0"]
[WhiteElo "2685"]
[BlackElo "2590"]
[Annotator "TA"]
[PlyCount "125"]
[EventDate "2018.09.08"]
[EventType "team-tourn"]
[EventCountry "CRO"]
[SourceTitle "playchess.com"]
[Source "ChessBase"]
[SourceQuality "1"]

{[%evp 17,125,15,50,42,51,44,51,12,25,12,16,20,36,0,8,0,0,0,0,0,14,0,0,0,0,0,0,0,0,0,0,0,0,0,0,-8,22,14,53,43,52,68,56,29,25,32,76,52,52,0,12,16,53,55,75,75,76,85,67,77,85,78,77,85,117,125,113,82,87,100,99,84,91,91,100,64,50,40,44,36,52,49,54,15,8,11,113,114,286,285,445,445,445,444,432,428,523,495,631,617,844,838,877,764,29976,29978,29981,29982,29982,29983]} 1. d4 Nf6 2. c4 e6 3. Nc3 Bb4 4. e3 c5 5. Bd3 O-O 6. Nf3 d5 7. O-O dxc4 8. Bxc4 Bd7 9. a3 {E54: Nimzo-Indian: Rubinstein: Main Line: 7...dxc4 8 Bxc4} cxd4 {LiveBook: 3 Games} (9... Ba5 10. Qd3 Bc6 11. Ne5 cxd4 12. exd4 Bxc3 13. bxc3 Bd5 14. Bxd5 Nxd5 15. c4 Ne7 16. Rd1 Nd7 17. Nf3 Rc8 {½-½ (27) Nisipeanu,L (2672)-Aronian,L (2801) Heraklio 2017}) 10. axb4 dxc3 11. bxc3 {White is slightly better.} Qc7 12. Qe2 Rc8 $146 ({Predecessor:} 12... Bc6 13. Nd2 Nbd7 14. e4 Ne5 15. Bb3 Rfd8 16. Bc2 a6 {½-½ (45) Stefanova,A (2493)-Kosteniuk,A (2490) Eilat 2012}) 13. Bd3 e5 {Threatens to win with ...e4.} 14. e4 Be6 15. Bb2 Nbd7 16. Nd2 a5 17. h3 h6 18. Rfb1 b6 19. Qe3 Qd6 20. Bf1 axb4 21. cxb4 Rxa1 22. Bxa1 Ba2 23. Rb2 $1 {[%cal Rb2a2]} Be6 24. Rb1 Ba2 25. Rb2 $1 {[%cal Rb2a2]} Be6 26. Qe1 Ra8 27. Rb1 Ba2 28. Nc4 $1 {[%cal Rc4d6]} Qe6 29. Rc1 Rc8 {[%cal Ra2c4]} 30. Ne3 Rxc1 31. Qxc1 Qb3 32. b5 Qa4 33. Nd5 (33. f3 $14) 33... Bxd5 34. exd5 Qb4 35. Qc6 Qd2 36. d6 g5 37. Bc3 Qd1 38. Bb2 Kg7 39. Bc1 Nc5 40. Be3 Nce4 41. d7 ({Reject} 41. Qxb6 $6 Nd5 $11) ({Don't blunder} 41. Bxb6 $2 Nd2 $19) 41... Qxd7 42. Qxb6 Nd5 {[#]} 43. Qa7 $1 {[%cal Ra7d7]} Nef6 44. Qxd7 Nxd7 $16 {[%mdl 4096] Endgame KBB-KNN} 45. Bd2 N7b6 46. g3 f5 47. f3 Kf6 48. Kf2 Ke6 49. Bc1 f4 50. g4 Nf6 51. Bd3 h5 (51... Kd5 $11 {keeps the balance.}) 52. Bf5+ Kd5 $2 {[#]} (52... Kf7 $16 {keeps fighting.} 53. Ba3 hxg4) 53. h4 $1 $18 {[%cal Bh3h4,Bh4g5][%mdl 544]} hxg4 (53... gxh4 {was necessary.} 54. g5 Ne8) 54. hxg5 g3+ 55. Kg1 Ne8 56. Ba3 Nc4 57. Be7 Ng7 58. Be4+ Ke6 59. Bc5 Kd7 60. b6 {[%cal Bb5b6,Bb6b7][%mdl 32]} Nd2 61. Bd5 {White mates.} e4 62. b7 Nxf3+ 63. Kh1 {Precision: White = 71%, Black = 49%.} 1-0

[Event "27th CRO-chT 1A-Men 2018"]
[Site "Biograd"]
[Date "2018.09.15"]
[Round "8.21"]
[White "Muse, Drazen"]
[Black "Stevic, Hrvoje"]
[Result "0-1"]
[WhiteElo "2352"]
[BlackElo "2579"]
[Annotator "TA"]
[PlyCount "94"]
[EventDate "2018.09.08"]
[EventType "team-tourn"]
[EventCountry "CRO"]
[SourceTitle "playchess.com"]
[Source "ChessBase"]
[SourceQuality "1"]

{[%evp 17,94,-16,0,0,0,0,0,0,0,0,0,-20,-32,-63,-58,-91,-89,-118,-95,-120,-106,-118,-116,-122,-65,-83,-62,-72,-84,-125,-122,-159,-156,-173,-173,-173,-174,-126,-112,-249,-172,-235,-181,-238,-141,-247,-257,-233,0,-190,-33,-33,-39,-187,-241,-224,-225,-193,-200,-166,-111,-131,-127,-131,-131,-140,-137,-318,-302,-413,-401,-509,-435,-616,-610,-639,-583,-924,-885]} 1. d4 Nf6 2. Nf3 g6 3. Bg5 Bg7 4. e3 O-O 5. Be2 d6 6. c4 c5 7. Nc3 h6 8. Bh4 cxd4 9. exd4 Nh5 {LiveBook: 8 Games. E61: King's Indian: Early deviations for White, including Smyslov System} (9... g5 $5 10. Bg3 $8 g4 $11) (9... Nbd7 10. O-O Nh5 11. Qd2 g5 12. Ne1 Nf4 13. Bg3 e5 14. Rd1 exd4 15. Nb5 Nxe2+ 16. Qxe2 Re8 17. Qc2 {½-½ (30) Movsesian,S (2699)-Andreikin,D (2713) Khanty-Mansiysk 2013}) 10. Qd2 g5 11. Nxg5 hxg5 {The position is equal.} 12. Bxg5 Nf6 13. h4 Nh7 $146 ({Predecessor:} 13... Bf5 14. g4 Ne4 15. Qe3 Nxg5 16. gxf5 Nh7 17. Rg1 {0-1 (45) Nyzhnyk,I (2377)-Bajarani,U (2268) Kemer 2007}) 14. O-O-O Nc6 15. d5 Ne5 $1 16. f4 Ng4 17. Bd3 f5 18. Rde1 Rf7 19. Re2 Bd7 20. Rhe1 {[%cal Rg5e7]} Nxg5 (20... Bxc3 $17 21. Qxc3 Nhf6) 21. hxg5 $15 Rc8 22. Kb1 $1 a6 23. g3 b5 24. g6 Rf6 25. cxb5 Rxg6 26. bxa6 Qb6 {Threatens to win with ...Bxc3.} 27. Nd1 Bf6 28. Ka1 (28. a3 $17 {only move.}) 28... Rc7 29. Nc3 (29. a3 $142) 29... Kf7 30. Re6 (30. Qc2 $142) 30... Nh6 ({Not} 30... Bxe6 $2 31. dxe6+ Kf8 32. Nd5 $18) (30... Rh6 $19 31. R6e2 (31. Bxf5 $2 Rh2 $19) 31... Rh3) 31. Rxf6+ (31. Qe2 $17 Rxg3 32. Rxe7+ Bxe7 33. Qxe7+ Kg6 34. Qd8) 31... Rxf6 $19 ({Don't take} 31... Kxf6 32. Qh2 (32. Qe2 $2 Ng8 $19)) 32. Qe2 Be8 $2 (32... Ng8 $19 33. Bb5 Rxc3 $1 {[%mdl 512]} 34. Bxd7 Rxg3 35. Be6+ Kg7) 33. Bb5 $2 (33. g4 $1 $11 {and White has nothing to worry.} fxg4 34. Ne4) 33... Ng4 $2 (33... Bxb5 $1 $19 34. Nxb5 Rd7) 34. Bxe8+ $15 Kxe8 35. Qb5+ ({Better is} 35. Nb5 $15 Rd7 36. Qc4) 35... Qxb5 $19 36. Nxb5 Rc8 37. b4 Kd7 38. Nd4 {White wants to play b5.} Nf2 (38... Rff8 $19 {Hoping for ...Nf6.} 39. Nc6 e5 $1 {[%mdl 512]}) 39. b5 {Black must now prevent Nc6.} Nd3 40. Rb1 {[#] Black should prevent b6.} Nc5 $1 41. Nc6 Rff8 42. Re1 $2 (42. a4 $17) 42... Rfe8 43. a7 Kc7 44. Nd4 Kb7 {Black is clearly winning.} 45. Re3 (45. Nc6 $142) 45... Kxa7 46. Nxf5 Kb6 47. Nd4 Na4 {Precision: White = 32%, Black = 60%.} 0-1

[Event "27th CRO-chT 1A-Men 2018"]
[Site "Biograd"]
[Date "2018.09.15"]
[Round "8.22"]
[White "Kozul, Zdenko"]
[Black "Cosic, Marin"]
[Result "1-0"]
[WhiteElo "2600"]
[BlackElo "2227"]
[Annotator "TA"]
[PlyCount "75"]
[EventDate "2018.09.08"]
[EventType "team-tourn"]
[EventCountry "CRO"]
[SourceTitle "playchess.com"]
[Source "ChessBase"]
[SourceQuality "1"]

{[%evp 11,75,22,26,22,25,31,69,3,13,14,46,45,79,82,77,31,44,39,38,39,64,64,157,143,141,128,128,109,116,116,108,102,109,103,166,159,162,167,169,172,193,152,151,104,139,141,144,87,85,93,99,87,104,102,142,136,173,176,175,177,166,172,170,161,385,403]} 1. d4 d5 2. c4 c6 3. Nc3 Nf6 4. Nf3 g6 5. cxd5 cxd5 6. Bg5 {D90: Grünfeld: 4 Nf3 Bg7 sidelines} Ne4 {LiveBook: 3 Games} (6... Bg7 7. Qb3 Nc6 8. e3 e6 9. Bd3 O-O 10. O-O h6 11. Bh4 g5 12. Bg3 Nh5 13. Rac1 Nxg3 14. hxg3 Bd7 15. Rfd1 g4 16. Nd2 h5 17. Ne2 Rb8 18. Nf4 {1-0 (38) Bu,X (2730)-Andriasian,Z (2585) Riadh 2017}) 7. Bh4 Nc6 8. e3 {White has an edge.} Bg7 $146 ({Predecessor:} 8... Nxc3 9. bxc3 Bg7 10. Be2 O-O 11. O-O b6 12. Nd2 Bb7 13. Bf3 Rc8 14. Rc1 Na5 15. c4 dxc4 16. Bxb7 Nxb7 17. Nxc4 Nd6 18. Nxd6 Qxd6 {½-½ (30) Baker,C (2390)-Dearing,E (2281) England 1999}) 9. Bb5 (9. Nxe4 $14 dxe4 10. Nd2) 9... Nxc3 $11 10. bxc3 Qa5 11. Qb3 Bd7 12. O-O e6 13. a4 {[%cal Ba2a4,Ba4a5][%mdl 32]} O-O 14. Rfb1 Qc7 15. Bg3 Qc8 16. a5 Re8 ({Black should play} 16... a6 $14 17. Bd3 Na7) 17. Bf1 $36 {[%mdl 2048] Keeping Black busy.} Nd8 18. Ne5 Bc6 19. Rc1 f6 20. Nxc6 bxc6 21. Rab1 Bf8 22. c4 dxc4 (22... Qd7 $16 {was worth a try.} 23. Bd3 Bd6 24. Bxd6 Qxd6) 23. Qxc4 $18 Qd7 24. e4 Bd6 25. e5 Be7 26. exf6 Bxf6 27. Rd1 Be7 28. Bf4 Bd6 29. Be3 (29. Bd2 $142) 29... Qc7 $16 30. g3 Qxa5 31. Ra1 Qc7 32. Ra6 Qd7 33. Qa2 Rc8 34. Rxa7 Rc7 35. Ra6 Be7 36. h4 Bf6 37. Bh3 c5 $2 {[#]} (37... Qe7 {was called for.} 38. Rb1 Rd7) 38. d5 {Precision: White = 60%, Black = 53%.} 1-0

[Event "27th CRO-chT 1A-Men 2018"]
[Site "Biograd"]
[Date "2018.09.15"]
[Round "8.23"]
[White "Zivkovic, Nikola"]
[Black "Jankovic, Alojzije"]
[Result "0-1"]
[WhiteElo "2144"]
[BlackElo "2558"]
[Annotator "TA"]
[PlyCount "22"]
[EventDate "2018.09.08"]
[EventType "team-tourn"]
[EventCountry "CRO"]
[SourceTitle "playchess.com"]
[Source "ChessBase"]
[SourceQuality "1"]

{[%evp 12,22,39,26,37,-2,0,-19,-12,-66,-58,-693,-693]} 1. e4 c5 2. Nf3 Nc6 3. d4 cxd4 4. Nxd4 Nf6 5. Nc3 d6 6. Bc4 g6 7. f3 {LiveBook: 3 Games. B57: Classical Sicilian: Sozin with 6...Qb6} (7. Nxc6 bxc6 8. e5 Ng4 9. exd6 Qxd6 10. Qxd6 exd6 11. Bf4 Be6 12. Bxe6 fxe6 13. h3 Nf6 14. O-O-O Nd5 15. Bd2 Nxc3 16. Bxc3 Rg8 17. Rhe1 Kd7 {½-½ (70) Phadke,S (2222)-Neverov,V (2492) Mumbai 2018}) 7... Qb6 8. Nxc6 bxc6 9. Qd3 Nd7 10. Qe3 (10. Qd2 $11) 10... Bg7 $146 ({Predecessor:} 10... Qb4 11. Qd4 Qc5 12. Qxh8 Qxc4 13. Bh6 Ba6 14. O-O-O {1-0 (45) Simarro Cabrera,J (1581)-Tsakas,N (1738) Madrid 2014}) 11. O-O $2 {[%mdl 8192] [#]} (11. Be2 $15) 11... Bd4 0-1

[Event "27th CRO-chT 1A-Men 2018"]
[Site "Biograd"]
[Date "2018.09.15"]
[Round "8.24"]
[White "Zelcic, Robert"]
[Black "Raguz, Darko"]
[Result "1-0"]
[WhiteElo "2520"]
[BlackElo "2076"]
[Annotator "TA"]
[PlyCount "131"]
[EventDate "2018.09.08"]
[EventType "team-tourn"]
[EventCountry "CRO"]
[SourceTitle "playchess.com"]
[Source "ChessBase"]
[SourceQuality "1"]

{[%evp 18,131,36,45,42,34,16,16,44,32,103,99,105,101,102,78,70,80,70,73,77,83,86,86,81,86,134,100,104,103,107,0,0,0,0,0,4,0,0,0,3,0,0,0,18,29,43,43,75,60,167,91,152,152,152,156,163,164,164,164,173,165,166,166,239,128,158,81,128,102,408,408,412,402,406,397,385,128,81,81,97,111,137,120,119,120,125,128,189,91,218,209,947,959,1099,394,880,771,1405,1609,1356,1574,1455,1450,1427,1245,1180,1089,29974,29975,29973,495,29977,29979,29978,29980]} 1. e4 e5 2. Nf3 Nf6 3. d4 exd4 4. e5 Ne4 5. Qxd4 d5 6. exd6 Nxd6 7. Nc3 Nc6 8. Qf4 Nf5 9. Bb5 Bd6 10. Qe4+ Qe7 {C43: Petroff Defence: 3 d4} 11. Bg5 Qxe4+ $146 ({Predecessor:} 11... f6 12. Bd2 Bd7 13. O-O-O Qxe4 14. Nxe4 Be7 15. Rhe1 {½-½ (15) Popov,I (2599)-Bu,X (2670) Moscow 2012}) 12. Nxe4 Bd7 {The position is equal.} 13. O-O-O h6 (13... f6 $1 $14) 14. Rhe1 $16 O-O 15. Nxd6 Nxd6 16. Bxc6 (16. Bf4 {seems wilder.} Nxb5 17. Rxd7 Rfd8 18. Red1 Rxd7 19. Rxd7 Rd8 20. Rxd8+ Nxd8 21. a4) 16... Bxc6 17. Be7 Bxf3 18. gxf3 Rfe8 19. Bxd6 cxd6 20. Rxe8+ Rxe8 21. Rxd6 {[%mdl 4096] Endgame KR-KR} Re2 22. Rd2 Re1+ 23. Rd1 Re2 24. Rf1 (24. b4 $16) 24... Re5 $11 25. Kd2 Rh5 26. Rh1 Rh4 27. Ke3 g5 28. b3 Kf8 29. c3 Ke7 30. h3 f6 31. Ke2 Rf4 32. Re1 Kf7 33. Rd1 {Rd7+ is the strong threat.} Rh4 (33... Ke6 $14) 34. Kf1 (34. Rd7+ $18 Kg6 35. Rxb7) 34... Rxh3 (34... Ke7 $142) 35. Kg2 $16 g4 36. fxg4 Rxc3 37. Rd7+ Kg6 38. Rxb7 a5 39. Ra7 $1 {[%cal Ra7a5]} Rc5 40. Kg3 h5 {[#]} (40... f5 {was worth a try.} 41. Ra6+ Kg7) 41. gxh5+ ({Only move:} 41. f4 $1 $18) 41... Rxh5 42. a4 (42. f4 $142) 42... Rc5 43. Rb7 Rg5+ $2 {[%mdl 8192]} (43... Kf5 $16 {is a better chance.} 44. f3 Rd5) 44. Kf4 $18 Rf5+ 45. Ke3 {aiming for Rb5.} Re5+ 46. Kd3 Rf5 47. Ke2 $2 (47. Rb5 $18 Rf3+ 48. Ke4) 47... Re5+ $16 48. Kf1 {Strongly threatening Rb5.} Rc5 49. Rb5 Rc3 50. Ke2 f5 51. f4 Rh3 52. Kd2 Rf3 53. Kc2 (53. Rxa5 $18 {is more deadly. Threatens to win with b4.} Rxb3 54. Rb5) 53... Rxf4 (53... Rf2+ $16 {is a better defense.} 54. Kc3 Rf3+ 55. Kc2 Rf2+ 56. Kd3 Rf3+ 57. Ke2 Rg3) 54. Rxa5 $18 Rd4 $2 {[#]} (54... Rf2+ 55. Kd3 Rf3+ 56. Kc4 f4) 55. Ra8 $1 Kg7 56. Rc8 $2 (56. a5 Rd5 57. a6) 56... Rd5 $2 (56... Re4 57. a5 Re2+ 58. Kc3 f4) 57. b4 f4 58. Rc4 Rf5 59. Kd2 f3 60. Ke1 f2+ 61. Kf1 Rf3 62. a5 {[%cal Ba4a5,Ba5a6][%mdl 32]} Kf6 63. a6 Ra3 64. b5 {[%cal Bb4b5,Bb5b6][%mdl 32]} Ra2 (64... Ke7 $18 65. Rc7+ Kd6) 65. Rb4 Ke5 66. b6 {Precision: White = 65%, Black = 35%.} 1-0

[Event "27th CRO-chT 1A-Men 2018"]
[Site "Biograd"]
[Date "2018.09.15"]
[Round "8.25"]
[White "Abasov, Nijat"]
[Black "Inarkiev, Ernesto"]
[Result "1/2-1/2"]
[WhiteElo "2632"]
[BlackElo "2679"]
[Annotator "TA"]
[PlyCount "94"]
[EventDate "2018.09.08"]
[EventType "team-tourn"]
[EventCountry "CRO"]
[SourceTitle "playchess.com"]
[Source "ChessBase"]
[SourceQuality "1"]

{[%evp 24,94,22,22,13,10,27,25,25,25,18,12,33,21,21,22,20,15,40,39,48,38,33,35,37,47,47,43,35,36,32,16,34,19,36,37,26,19,33,25,10,0,0,0,6,6,0,0,0,0,8,6,14,0,0,0,7,0,0,0,0,0,0,0,0,-5,0,0,0,-7,0,-2,0]} 1. d4 d5 2. Nf3 Nf6 3. c4 c6 4. cxd5 cxd5 5. Nc3 Nc6 6. Bf4 Bf5 7. Rc1 Rc8 8. e3 a6 9. Be2 {D13: Slav Defence: Exchange variation without ...Bf5} e6 10. O-O Nd7 11. Na4 Be7 12. Nc5 (12. h3 O-O 13. a3 Na5 14. Nc5 Nc4 15. b4 Nxc5 16. dxc5 Nxa3 {1-0 (44) So,W (2778)-Carlsen,M (2843) Stavanger 2018}) 12... Nxc5 13. dxc5 {LiveBook: 3 Games} O-O 14. Qd2 Bf6 $146 ({Predecessor:} 14... Re8 15. Nd4 Bg6 16. b4 Nb8 {½-½ (47) Menacher,M (2307)-Dobosz,H (2409) Austria 2011}) 15. Nd4 Bg6 16. Bd6 Be7 17. Bg3 Bh4 18. b4 Bxg3 19. hxg3 Qd7 20. Rfd1 Rfd8 21. Qb2 f6 22. Qb3 Bf7 23. a4 Ne7 24. b5 e5 25. Nf3 axb5 26. axb5 Ng6 {[%cal Be7g6,Bg6f8,Bf8d7,Bd7b8,Bb8c6][%mdl 32]} 27. Qb4 Nf8 28. Nd2 Qe7 $1 29. b6 Nd7 30. Nb3 Nb8 $1 31. Bb5 Be8 32. Be2 {[%cal Bb5e2,Be2f3,Bf3g4][%mdl 32] The position is equal.} Nc6 33. Qc3 Kh8 34. Bf3 Bf7 35. Na5 Nxa5 36. Qxa5 g6 37. Rd2 Kg7 38. Bg4 Ra8 39. Qb4 Be8 {[#] aiming for ...Ra4.} 40. Bf3 Bc6 41. Bd1 h5 42. Bb3 Rd7 43. Rcd1 {[%cal Rb3d5]} Rad8 $1 44. Kh2 Kh6 45. Bc2 Kg7 46. Bb3 Kh6 47. Bc2 Kg7 {Precision: White = 76%, Black = 59%.} 1/2-1/2

[Event "27th CRO-chT 1A-Men 2018"]
[Site "Biograd"]
[Date "2018.09.15"]
[Round "8.26"]
[White "Romanov, Evgeny"]
[Black "Bogut, Zeljko"]
[Result "1-0"]
[WhiteElo "2611"]
[BlackElo "2415"]
[Annotator "TA"]
[PlyCount "65"]
[EventDate "2018.09.08"]
[EventType "team-tourn"]
[EventCountry "CRO"]
[SourceTitle "playchess.com"]
[Source "ChessBase"]
[SourceQuality "1"]

{[%evp 15,65,75,92,87,85,75,74,76,108,113,120,120,120,120,120,120,110,110,106,106,163,162,198,185,181,163,213,212,223,225,250,263,245,253,347,342,522,532,837,799,797,831,1070,1089,1040,1062,1047,1067,29989,29990,29991,29992]} 1. d4 c5 2. d5 e5 3. e4 d6 4. Bb5+ Nd7 5. a4 Be7 6. Nf3 {[%cal Bg1f3,Bf3d2,Bd2c4][%mdl 32] A44: Alt-Benoni} Ngf6 7. Nc3 O-O 8. O-O a6 {LiveBook: 6 Partien} (8... Kh8 9. Nd2 g6 10. Nc4 Ng8 11. f4 exf4 12. Bxf4 Nb6 13. e5 Nxc4 14. Bxc4 dxe5 15. Bxe5+ {1-0 (44) Aronian,L (2767)-Caruana,F (2822) chess.com INT 2018}) 9. Bd3 Rb8 $146 ({Vorgänger:} 9... b6 10. Nd2 Ne8 11. Nc4 Rb8 12. b3 Bg5 13. Ne3 g6 {1-0 (55) Sriram,J (2511)-Himanshu,S (2457) Gurgaon 2010}) 10. Nd2 Ne8 11. Nc4 Bg5 12. a5 Bxc1 13. Qxc1 b5 14. axb6 $1 Nxb6 15. Na5 {Schwarz muss nun Sc6 beachten.} Ra8 16. f4 Qc7 17. f5 f6 (17... Bd7 $16) 18. b3 $18 g5 19. Qe3 Bd7 20. Qd2 Ng7 21. Ra2 Rfb8 22. Rfa1 Qc8 23. Nc6 Bxc6 24. dxc6 Qxc6 25. Nd5 {[#] Und weiter mit Se7+ wäre nett.} (25. Bxa6 Kh8 $18) (25. Rxa6 c4 $16) 25... Kf8 (25... Kh8 $142 26. Nxf6 (26. Rxa6 Ne8 $16) 26... d5) 26. Nxf6 c4 27. Nxh7+ Kg8 28. Nf6+ Kf7 29. Qxg5 cxd3 30. Qg6+ Kf8 31. Nh7+ Kg8 32. f6 {[%csl Gf6][%cal Rg6g7]} Rb7 33. Ng5 {Precision: Weiß = 94%, Schwarz = 44%.} 1-0